Retos y perspectivas de la gobernanza del agua y gestión integral de recursos hídricos en Bolivia /
Guardat en:
| Autor principal: | |
|---|---|
| Altres autors: | |
| Format: | Text |
| Etiquetes: |
Afegir etiqueta
Sense etiquetes, Sigues el primer a etiquetar aquest registre!
|
MARC
| LEADER | 00000 a a2200000 04500 | ||
|---|---|---|---|
| 001 | 16301 | ||
| 003 | |||
| 040 | |||
| 100 | |a Ruíz, Sergio Antonio | ||
| 245 | |a Retos y perspectivas de la gobernanza del agua y gestión integral de recursos hídricos en Bolivia / |c Sergio Antonio Ruíz ; Ingo Georg Gentes | ||
| 700 | |a Gentes, Ingo Georg | ||
| 773 | |g número 85; páginas 41-59 | ||
| 999 | |c 38324 |d 38324 | ||
